| 000 | 01385cam a22003375a 4500 | ||
|---|---|---|---|
| 001 | 15779160 | ||
| 005 | 20090619090251.0 | ||
| 008 | 090617s2009 maua 001 0 eng | ||
| 010 | _a 2009284224 | ||
| 020 | _a9780538745499 | ||
| 020 | _a0538745495 | ||
| 040 |
_aDLC _cDLC |
||
| 082 |
_222 _a006.786 _bLOP |
||
| 100 | 1 |
_aLopez, Luis A. _912791 |
|
| 245 | 1 | 0 |
_aNew perspectives on Adobe Flash CS3 professional : _bcomprehensive / _cLuis A. Lopez. |
| 246 | 3 | _aAdobe Flash CS3 professional | |
| 250 | _bInternational ed. | ||
| 260 |
_aBoston : _bCourse Technology, _cc2010.. |
||
| 300 |
_axiii, 491 p., 14 p. of plates : _bill. ; _c28 cm. |
||
| 500 | _aIncludes index. | ||
| 500 | _aInternational ed. | ||
| 630 | 0 | 0 |
_aFlash (Computer file) _912792 |
| 650 | 0 |
_aComputer animation _xComputer programs. _912793 |
|
| 650 | 0 |
_aComputer graphics _xComputer programs. _912794 |
|
| 650 | 0 |
_aWeb sites _xDesign. _912795 |
|
| 700 |
_aRomer, Robin M. _912796 |
||
| 942 |
_2ddc _cBB |
||
| 999 |
_c13705 _d13705 |
||